000 00484nam a2200193Ia 4500
008 240510s9999 xx 000 0 und d
020 _a078970675X
041 _aEng
082 _a004.61
082 _bW35
100 _aBOYCE,JIM
245 0 _aWINDOWS 95 COMMUNICATIONS HAND BOOK:THE EXPERT,S GUIDE TO GETTING PRODUCTIVE IMMEDIATELY
260 _bQUE : INDIANAPOLIS
260 _c1996
300 _a662 p.
650 _aWINDOWS : NETWORKS
942 _2ddc
942 _cLBK
999 _c24140
_d24140
945 _a1
_bMadushi Gamage
_c1
_dMadushi Gamage